000 00392pab a2200145 454500
008 180718b1983 xxu||||| |||| 00| 0 eng d
100 _aLyons, W.E.
245 _aMaking judges out of legislators
_bRezoning on a quasi - judicial model
260 _c1983
300 _a673-89
362 _aNov.
650 _aLegislators - U.S.A.
773 _aLegislative Studies Quarterly
909 _a12531
999 _c12531
_d12531